Affordable housing finance (Record no. 364107)

MARC details
000 -LEADER
fixed length control field 00645nam a2200217Ia 4500
008 - FIXED-LENGTH DATA ELEMENTS--GENERAL INFORMATION
fixed length control field 191130s2009##################000#0#eng##
020 ## - INTERNATIONAL STANDARD BOOK NUMBER
ISBN 9780230555181
082 ## - DEWEY DECIMAL CLASSIFICATION NUMBER
Classification number 332.722 HAW
100 ## - MAIN ENTRY--AUTHOR NAME
Personal name Hawtrey, Kim
245 ## - TITLE STATEMENT
Title Affordable housing finance
Statement of responsibility, etc Kim Hawtrey
260 ## - PUBLICATION, DISTRIBUTION, ETC. (IMPRINT)
Place of publication Basingstoke, Hampshire
Name of publisher Palgrave Macmillan
Year of publication 2009
300 ## - PHYSICAL DESCRIPTION
Number of Pages xix, 180 p. : ill. ; 22 cm
500 ## - GENERAL NOTE
General note Includes bibliographical references (p. 164-176) and index
650 ## - SUBJECT ADDED ENTRY--TOPICAL TERM
Topical Term Housing
Topical Term Housing - Finance
Topical Term Housing policy
991 ## -
-- 185348
Holdings
Withdrawn status Lost status Damaged status Not for loan Home library Current library Shelving location Date acquired Full call number Accession Number Price effective from Koha item type
        Anna Centenary Library Anna Centenary Library 4TH FLOOR, A WING 17.10.2020 332.722 HAW 308539 17.10.2020 English Books

Find us on the map